[Event "Halden Autumn"]
[Site "Halden"]
[Date "2011.??.??"]
[Round "2"]
[White "Dahll, Gustav"]
[Black "Eikre, Jens Hofgaard"]
[Result "0-1"]
[WhiteElo "1291"]
[BlackElo "1184"]
[PlyCount "78"]
[EventDate "2011.08.30"]
[EventType "swiss"]
[EventRounds "9"]
[EventCountry "NOR"]
[SourceTitle "EXT 2024"]
[Source "ChessBase"]
[SourceDate "2023.10.10"]
[SourceVersion "1"]
[SourceVersionDate "2023.10.10"]
[SourceQuality "1"]

1. e4 c5 2. c4 Nc6 3. Nf3 e6 4. Nc3 b6 5. Be2 Bb7 6. 0-0 Nf6 7. d3 Be7 8. Bf4 Nh5 9. Be3 Nf6 10. Qc2 Qc7 11. h3 0-0 12. d4 cxd4 13. Nxd4 Bc5 14. Rad1 Rfd8 15. Ndb5 Qe5 16. Bxc5 Qxc5 17. Nd6 Rab8 18. Nxb7 Rxb7 19. Na4 Qe5 20. Bd3 Nb4 21. Qc3 Nxd3 22. Qxd3 Qxe4 23. Nc3 Qxd3 24. Rxd3 Rc8 25. b3 a6 26. Rfd1 Kf8 27. Rd6 Ke7 28. Na4 Rc6 29. R6d4 b5 30. cxb5 axb5 31. Rb4 Nd5 32. Re4 bxa4 33. Rxd5 axb3 34. axb3 Rxb3 35. Ra5 Rbc3 36. Ra8 Rc8 37. Ra7 R3c4 38. Re2 Rc1+ 39. Kh2 R8c2 0-1